[Event "Tournoi élite du Barreau de Paris"]
[Site "Paris, France"]
[Date "2021.09.12"]
[Round "5.1"]
[White "Kuhn, Clement"]
[Black "Travadon, Loic"]
[Result "1/2-1/2"]
[TimeControl "90'+30\""]
[WhiteTitle "FM"]
[BlackTitle "IM"]
[WhiteElo "2302"]
[BlackElo "2429"]

1. Nf3 {[%clk 01:30:52]} {[%emt 00:00:07]} d5 {[%clk 01:30:53]} {[%emt
00:00:08]} 2. g3 {[%clk 01:31:00]} {[%emt 00:00:22]} Nf6 {[%clk 01:30:33]}
{[%emt 00:00:49]} 3. Bg2 {[%clk 01:31:04]} {[%emt 00:00:26]} g6 {[%clk
01:30:16]} {[%emt 00:00:47]} 4. c4 {[%clk 01:27:22]} {[%emt 00:04:13]} dxc4
{[%clk 01:30:02]} {[%emt 00:00:42]} 5. Qa4+ {[%clk 01:25:43]} {[%emt 00:02:11]}
c6 {[%clk 01:30:18]} {[%emt 00:00:14]} 6. Qxc4 {[%clk 01:26:06]} {[%emt
00:00:07]} Bg7 {[%clk 01:30:33]} {[%emt 00:00:14]} 7. O-O {[%clk 01:26:19]}
{[%emt 00:00:18]} O-O {[%clk 01:30:20]} {[%emt 00:00:43]} 8. d3 {[%clk
01:26:46]} {[%emt 00:00:03]} Be6 {[%clk 01:29:55]} {[%emt 00:00:54]} 9. Qc2
{[%clk 01:26:38]} {[%emt 00:00:38]} Na6 {[%clk 01:29:13]} {[%emt 00:01:13]} 10.
Nc3 {[%clk 01:21:56]} {[%emt 00:05:12]} Nb4 {[%clk 01:29:00]} {[%emt 00:00:43]}
11. Qa4 {[%clk 01:22:00]} {[%emt 00:00:26]} a5 {[%clk 01:28:11]} {[%emt
00:01:18]} 12. a3 {[%clk 01:19:51]} {[%emt 00:02:39]} Nbd5 {[%clk 01:28:13]}
{[%emt 00:00:28]} 13. Bd2 {[%clk 01:17:38]} {[%emt 00:02:43]} Nd7 {[%clk
01:23:23]} {[%emt 00:05:19]} 14. Ng5 {[%clk 01:13:16]} {[%emt 00:04:52]} Nxc3
{[%clk 01:17:09]} {[%emt 00:06:44]} 15. Bxc3 {[%clk 01:13:31]} {[%emt
00:00:15]} Nc5 {[%clk 01:17:02]} {[%emt 00:00:36]} 16. Qh4 {[%clk 01:13:47]}
{[%emt 00:00:15]} h6 {[%clk 01:17:09]} {[%emt 00:00:22]} 17. Nxe6 {[%clk
01:13:29]} {[%emt 00:00:48]} Nxe6 {[%clk 01:17:31]} {[%emt 00:00:08]} 18. Rac1
{[%clk 01:08:07]} {[%emt 00:05:51]} Nd4 {[%clk 01:17:15]} {[%emt 00:00:46]} 19.
Bxd4 {[%clk 01:04:51]} {[%emt 00:03:46]} Bxd4 {[%clk 01:17:42]} {[%emt
00:00:03]} 20. Qxh6 {[%clk 01:04:29]} {[%emt 00:00:52]} Bxb2 {[%clk 01:17:37]}
{[%emt 00:00:34]} 21. Rc4 {[%clk 01:03:59]} {[%emt 00:01:00]} Bg7 {[%clk
01:18:01]} {[%emt 00:00:06]} 22. Qe3 {[%clk 01:04:00]} {[%emt 00:00:29]} a4
{[%clk 01:13:39]} {[%emt 00:04:52]} 23. Rb1 {[%clk 01:02:38]} {[%emt 00:01:53]}
Qd6 {[%clk 01:08:58]} {[%emt 00:05:10]} 24. Qc5 {[%clk 01:01:42]} {[%emt
00:01:26]} Rfb8 {[%clk 01:00:30]} {[%emt 00:08:57]} 25. Qxd6 {[%clk 00:54:46]}
{[%emt 00:07:28]} exd6 {[%clk 01:00:33]} {[%emt 00:00:26]} 26. Rcb4 {[%clk
00:54:53]} {[%emt 00:00:23]} d5 {[%clk 01:00:58]} {[%emt 00:00:05]} 27. Rxb7
{[%clk 00:55:07]} {[%emt 00:00:16]} Rxb7 {[%clk 01:01:24]} {[%emt 00:00:04]} 28.
Rxb7 {[%clk 00:55:34]} {[%emt 00:00:04]} Bf8 {[%clk 01:01:48]} {[%emt
00:00:05]} 29. Rb6 {[%clk 00:55:42]} {[%emt 00:00:22]} Bxa3 {[%clk 01:02:07]}
{[%emt 00:00:09]} 30. Rxc6 {[%clk 00:56:04]} {[%emt 00:00:09]} Ra5 {[%clk
01:01:55]} {[%emt 00:00:42]} 31. Rc8+ {[%clk 00:49:28]} {[%emt 00:07:06]} Kg7
{[%clk 01:00:59]} {[%emt 00:01:26]} 32. Rd8 {[%clk 00:47:26]} {[%emt 00:02:33]}
Be7 {[%clk 00:48:53]} {[%emt 00:12:36]} 33. Rd7 {[%clk 00:43:30]} {[%emt
00:04:26]} Kf8 {[%clk 00:49:19]} {[%emt 00:00:03]} 34. Bxd5 {[%clk 00:41:12]}
{[%emt 00:02:49]} Ke8 {[%clk 00:49:46]} {[%emt 00:00:03]} 35. Bc6 {[%clk
00:40:53]} {[%emt 00:00:49]} Kf8 {[%clk 00:48:54]} {[%emt 00:01:21]} 36. Bd5
{[%clk 00:31:53]} {[%emt 00:09:30]} a3 {[%clk 00:49:20]} {[%emt 00:00:05]} 37.
Ba2 {[%clk 00:26:42]} {[%emt 00:05:41]} Rb5 {[%clk 00:49:47]} {[%emt 00:00:02]}
38. Bc4 {[%clk 00:19:56]} {[%emt 00:07:17]} Rb2 {[%clk 00:49:53]} {[%emt
00:00:23]} 39. Ra7 {[%clk 00:19:33]} {[%emt 00:00:54]} Rxe2 {[%clk 00:50:00]}
{[%emt 00:00:21]} 40. Kf1 {[%clk 00:19:16]} {[%emt 00:00:49]} Rb2 {[%clk
00:49:05]} {[%emt 00:01:23]} 41. Ra8+ {[%clk 00:19:22]} {[%emt 00:00:26]} Kg7
{[%clk 00:49:34]} 42. Ra7 {[%clk 00:19:09]} {[%emt 00:00:43]} Rxf2+ {[%clk
00:49:45]} {[%emt 00:00:19]} 43. Kxf2 {[%clk 00:19:34]} {[%emt 00:00:05]} Bc5+
{[%clk 00:50:11]} {[%emt 00:00:03]} 44. Kf3 {[%clk 00:20:00]} {[%emt 00:00:04]}
Bxa7 {[%clk 00:50:37]} {[%emt 00:00:03]} 45. h4 {[%clk 00:20:23]} {[%emt
00:00:07]} f6 {[%clk 00:49:40]} {[%emt 00:01:26]} 46. g4 {[%clk 00:18:57]}
{[%emt 00:01:56]} Kh6 {[%clk 00:49:06]} {[%emt 00:01:05]} 47. Bf7 {[%clk
00:19:19]} {[%emt 00:00:08]} Kg7 {[%clk 00:49:10]} {[%emt 00:00:25]} 48. Bc4
{[%clk 00:19:47]} {[%emt 00:00:02]} Bb8 {[%clk 00:47:58]} {[%emt 00:01:43]} 49.
h5 {[%clk 00:20:10]} {[%emt 00:00:07]} gxh5 {[%clk 00:48:22]} {[%emt 00:00:06]}
50. gxh5 {[%clk 00:20:35]} {[%emt 00:00:05]} f5 {[%clk 00:48:43]} {[%emt
00:00:09]} 51. Bb3 {[%clk 00:19:52]} {[%emt 00:01:13]} Kh6 {[%clk 00:49:01]}
{[%emt 00:00:11]} 52. Bf7 {[%clk 00:19:54]} {[%emt 00:00:29]} Kg5 {[%clk
00:49:27]} {[%emt 00:00:04]} 53. Kf2 {[%clk 00:17:30]} {[%emt 00:02:53]} Be5
{[%clk 00:49:33]} {[%emt 00:00:25]} 54. Kf3 {[%clk 00:17:36]} {[%emt 00:00:24]}
Bg7 {[%clk 00:49:22]} {[%emt 00:00:41]} 55. Kg3 {[%clk 00:12:40]} {[%emt
00:05:26]} f4+ {[%clk 00:49:46]} {[%emt 00:00:06]} 56. Kf3 {[%clk 00:13:04]}
{[%emt 00:00:05]} Bh6 {[%clk 00:49:15]} {[%emt 00:01:02]} 57. Kf2 {[%clk
00:11:47]} {[%emt 00:01:47]} Kg4 {[%clk 00:49:42]} {[%emt 00:00:02]} 58. Kg2
{[%clk 00:12:07]} {[%emt 00:00:10]} f3+ {[%clk 00:49:51]} {[%emt 00:00:22]} 59.
Kf2 {[%clk 00:12:26]} {[%emt 00:00:11]} Bg7 {[%clk 00:48:51]} {[%emt 00:01:29]}
60. Be6+ {[%clk 00:12:22]} {[%emt 00:00:34]} Kf4 {[%clk 00:49:15]} {[%emt
00:00:06]} 61. Ba2 {[%clk 00:12:07]} {[%emt 00:00:46]} Bd4+ {[%clk 00:49:00]}
{[%emt 00:00:44]} 62. Kf1 {[%clk 00:12:36]} {[%emt 00:00:01]} Kg5 {[%clk
00:48:40]} {[%emt 00:00:50]} 63. Bf7 {[%clk 00:12:54]} {[%emt 00:00:11]} Be3
{[%clk 00:48:40]} {[%emt 00:00:31]} 64. Bd5 {[%clk 00:12:46]} {[%emt 00:00:38]}
Kg4 {[%clk 00:47:51]} {[%emt 00:01:19]} 65. Bf7 {[%clk 00:12:28]} {[%emt
00:00:49]} Bg5 {[%clk 00:47:54]} {[%emt 00:00:27]} 66. Kf2 {[%clk 00:12:33]}
{[%emt 00:00:25]} Kf4 {[%clk 00:48:17]} {[%emt 00:00:07]} 67. Ba2 {[%clk
00:12:45]} {[%emt 00:00:18]} Bh6 {[%clk 00:48:14]} {[%emt 00:00:33]} 68. Bb3
{[%clk 00:13:05]} {[%emt 00:00:09]} Bg7 {[%clk 00:48:25]} {[%emt 00:00:19]} 69.
Ba2 {[%clk 00:13:30]} {[%emt 00:00:05]} Bd4+ {[%clk 00:48:31]} {[%emt
00:00:24]} 70. Kf1 {[%clk 00:13:56]} {[%emt 00:00:04]} Kg5 {[%clk 00:48:56]}
{[%emt 00:00:04]} 71. Bf7 {[%clk 00:14:14]} {[%emt 00:00:12]} Be3 {[%clk
00:49:20]} {[%emt 00:00:06]} 72. Bd5 {[%clk 00:14:33]} {[%emt 00:00:12]} Kg4
{[%clk 00:48:25]} {[%emt 00:01:24]} 73. Bf7 {[%clk 00:14:52]} {[%emt 00:00:11]}
Kf5 {[%clk 00:47:56]} {[%emt 00:00:59]} 74. Ba2 {[%clk 00:14:51]} {[%emt
00:00:32]} Ke5 {[%clk 00:48:20]} {[%emt 00:00:05]} 75. Bb3 {[%clk 00:14:58]}
{[%emt 00:00:23]} 1/2-1/2

[Event "Tournoi élite du Barreau de Paris"]
[Site "Paris, France"]
[Date "2021.09.12"]
[Round "5.2"]
[White "Rakotomaharo, Fy Antenaina"]
[Black "Belkhodja, Slim"]
[Result "1-0"]
[TimeControl "90'+30\""]
[WhiteTitle "IM"]
[BlackTitle "GM"]
[WhiteElo "2475"]
[BlackElo "2358"]

1. e4 {[%clk 01:30:57]} {[%emt 00:00:01]} c5 {[%clk 01:30:41]} {[%emt
00:00:19]} 2. Nf3 {[%clk 01:31:21]} {[%emt 00:00:05]} Nc6 {[%clk 01:30:29]}
{[%emt 00:00:43]} 3. d4 {[%clk 01:31:45]} {[%emt 00:00:06]} cxd4 {[%clk
01:30:53]} {[%emt 00:00:06]} 4. Nxd4 {[%clk 01:32:11]} {[%emt 00:00:03]} g6
{[%clk 01:30:49]} {[%emt 00:00:34]} 5. c4 {[%clk 01:32:25]} {[%emt 00:00:17]}
Bg7 {[%clk 01:31:11]} {[%emt 00:00:08]} 6. Be3 {[%clk 01:32:48]} {[%emt
00:00:07]} Nf6 {[%clk 01:29:41]} {[%emt 00:02:00]} 7. Nc3 {[%clk 01:33:04]}
{[%emt 00:00:13]} O-O {[%clk 01:29:49]} {[%emt 00:00:23]} 8. Be2 {[%clk
01:33:23]} {[%emt 00:00:11]} Nxd4 {[%clk 01:28:03]} {[%emt 00:02:16]} 9. Bxd4
{[%clk 01:33:46]} {[%emt 00:00:07]} d6 {[%clk 01:28:27]} {[%emt 00:00:06]} 10.
O-O {[%clk 01:33:01]} {[%emt 00:01:15]} Bd7 {[%clk 01:27:17]} {[%emt 00:01:41]}
11. Qd3 {[%clk 01:32:15]} {[%emt 00:01:15]} a5 {[%clk 01:27:06]} {[%emt
00:00:42]} 12. Rfd1 {[%clk 01:29:45]} {[%emt 00:02:59]} Bc6 {[%clk 01:26:25]}
{[%emt 00:01:11]} 13. h4 {[%clk 01:28:43]} {[%emt 00:01:32]} h5 {[%clk
01:24:32]} {[%emt 00:02:23]} 14. Qe3 {[%clk 01:28:24]} {[%emt 00:00:49]} Nd7
{[%clk 01:24:29]} {[%emt 00:00:34]} 15. Bxg7 {[%clk 01:21:07]} {[%emt
00:07:46]} Kxg7 {[%clk 01:24:50]} {[%emt 00:00:09]} 16. Qg5 {[%clk 01:20:53]}
{[%emt 00:00:44]} a4 {[%clk 01:20:00]} {[%emt 00:05:21]} 17. Bxh5 {[%clk
00:44:11]} {[%emt 00:37:11]} Ra5 {[%clk 01:18:33]} {[%emt 00:01:57]} 18. Nb5
{[%clk 00:42:16]} {[%emt 00:02:24]} Nf6 {[%clk 01:17:48]} {[%emt 00:01:16]} 19.
Bf3 {[%clk 00:40:09]} {[%emt 00:02:37]} Qb6 {[%clk 01:11:22]} {[%emt 00:06:56]}
20. b4 {[%clk 00:37:47]} {[%emt 00:02:53]} axb3 {[%clk 01:08:35]} {[%emt
00:03:17]} 21. axb3 {[%clk 00:38:13]} {[%emt 00:00:04]} Rxa1 {[%clk 01:03:18]}
{[%emt 00:05:47]} 22. Rxa1 {[%clk 00:38:34]} {[%emt 00:00:08]} Bxe4 {[%clk
01:03:26]} {[%emt 00:00:23]} 23. Qe3 {[%clk 00:37:16]} {[%emt 00:01:48]} Qxe3
{[%clk 01:02:30]} {[%emt 00:01:26]} 24. fxe3 {[%clk 00:37:42]} {[%emt
00:00:04]} Bc6 {[%clk 00:59:04]} {[%emt 00:03:56]} 25. Ra7 {[%clk 00:36:57]}
{[%emt 00:01:15]} Rb8 {[%clk 00:56:35]} {[%emt 00:02:58]} 26. Nd4 {[%clk
00:32:56]} {[%emt 00:04:32]} e5 {[%clk 00:48:37]} {[%emt 00:08:28]} 27. Ne6+
{[%clk 00:33:12]} {[%emt 00:00:15]} Kg8 {[%clk 00:46:32]} {[%emt 00:02:34]} 28.
Ng5 {[%clk 00:33:31]} {[%emt 00:00:11]} Bxf3 {[%clk 00:41:02]} {[%emt
00:06:00]} 29. gxf3 {[%clk 00:33:50]} {[%emt 00:00:11]} Kf8 {[%clk 00:40:47]}
{[%emt 00:00:46]} 30. Kf2 {[%clk 00:28:13]} {[%emt 00:06:06]} Ke7 {[%clk
00:38:42]} {[%emt 00:02:35]} 31. Ke2 {[%clk 00:20:42]} {[%emt 00:08:02]} Ne8
{[%clk 00:36:30]} {[%emt 00:02:41]} 32. Ne4 {[%clk 00:17:51]} {[%emt 00:03:22]}
Kd7 {[%clk 00:35:26]} {[%emt 00:01:35]} 33. b4 {[%clk 00:17:01]} {[%emt
00:01:19]} Nc7 {[%clk 00:27:42]} {[%emt 00:08:14]} 34. b5 {[%clk 00:15:15]}
{[%emt 00:02:16]} Ne6 {[%clk 00:16:53]} {[%emt 00:11:19]} 35. Nf6+ {[%clk
00:14:36]} {[%emt 00:01:10]} Ke7 {[%clk 00:16:33]} {[%emt 00:00:50]} 36. Nd5+
{[%clk 00:15:00]} {[%emt 00:00:06]} Kd7 {[%clk 00:16:59]} {[%emt 00:00:05]} 37.
Nb4 {[%clk 00:13:07]} {[%emt 00:02:22]} Nc5 {[%clk 00:14:25]} {[%emt 00:03:03]}
38. e4 {[%clk 00:10:11]} {[%emt 00:03:27]} Ke6 {[%clk 00:13:25]} {[%emt
00:01:30]} 39. Ke3 {[%clk 00:09:37]} {[%emt 00:01:05]} f5 {[%clk 00:12:13]}
{[%emt 00:01:42]} 40. Nd3 {[%clk 00:07:04]} {[%emt 00:03:03]} Nxd3 {[%clk
00:08:03]} {[%emt 00:04:40]} 41. Kxd3 {[%clk 00:07:29]} {[%emt 00:00:05]} Kd7
{[%clk 00:08:05]} {[%emt 00:00:28]} 42. c5 {[%clk 00:04:22]} {[%emt 00:03:37]}
dxc5 {[%clk 00:06:24]} {[%emt 00:02:12]} 43. Kc4 {[%clk 00:04:46]} {[%emt
00:00:06]} fxe4 {[%clk 00:04:38]} {[%emt 00:02:16]} 44. fxe4 {[%clk 00:05:09]}
{[%emt 00:00:06]} Kd6 {[%clk 00:03:42]} {[%emt 00:01:26]} 45. Ra1 {[%clk
00:04:59]} {[%emt 00:00:41]} b6 {[%clk 00:03:50]} {[%emt 00:00:22]} 46. Ra7
{[%clk 00:04:41]} {[%emt 00:00:47]} Ke6 {[%clk 00:03:50]} {[%emt 00:00:29]} 47.
Rg7 {[%clk 00:04:53]} {[%emt 00:00:17]} Kf6 {[%clk 00:04:06]} {[%emt 00:00:16]}
48. Rc7 {[%clk 00:05:19]} {[%emt 00:00:04]} Ke6 {[%clk 00:00:49]} {[%emt
00:03:47]} 49. Rc6+ {[%clk 00:05:42]} {[%emt 00:00:07]} Kd7 {[%clk 00:00:39]}
{[%emt 00:00:40]} 50. Rxg6 {[%clk 00:05:18]} {[%emt 00:00:53]} Kc7 {[%clk
00:00:34]} {[%emt 00:00:36]} 51. Rg7+ {[%clk 00:04:32]} {[%emt 00:01:16]} Kd6
{[%clk 00:00:59]} {[%emt 00:00:05]} 52. h5 {[%clk 00:04:57]} {[%emt 00:00:05]}
Ra8 {[%clk 00:00:00]} {[%emt 00:01:01]} 1-0

[Event "Tournoi élite du Barreau de Paris"]
[Site "Paris, France"]
[Date "2021.09.12"]
[Round "5.3"]
[White "Vlachos, Anatole"]
[Black "Razafindratsima, Timothe"]
[Result "1-0"]
[TimeControl "90'+30\""]
[WhiteTitle "IM"]
[BlackTitle "FM"]
[WhiteElo "2421"]
[BlackElo "2387"]

1. e4 {[%clk 01:30:55]} {[%emt 00:00:04]} c5 {[%clk 01:30:50]} {[%emt
00:00:11]} 2. Nf3 {[%clk 01:31:21]} {[%emt 00:00:03]} d6 {[%clk 01:31:15]}
{[%emt 00:00:06]} 3. Bb5+ {[%clk 01:29:07]} {[%emt 00:02:43]} Nd7 {[%clk
01:31:35]} {[%emt 00:00:09]} 4. a4 {[%clk 01:29:34]} {[%emt 00:00:03]} Ngf6
{[%clk 01:31:46]} {[%emt 00:00:18]} 5. Nc3 {[%clk 01:30:01]} {[%emt 00:00:04]}
g6 {[%clk 01:32:09]} {[%emt 00:00:08]} 6. a5 {[%clk 01:29:52]} {[%emt
00:00:38]} Bg7 {[%clk 01:32:25]} {[%emt 00:00:14]} 7. d4 {[%clk 01:30:00]}
{[%emt 00:00:23]} cxd4 {[%clk 01:31:24]} {[%emt 00:01:31]} 8. Nxd4 {[%clk
01:30:27]} {[%emt 00:00:02]} O-O {[%clk 01:30:50]} {[%emt 00:01:03]} 9. O-O
{[%clk 01:30:44]} {[%emt 00:00:13]} a6 {[%clk 01:30:31]} {[%emt 00:00:50]} 10.
Be2 {[%clk 01:31:08]} {[%emt 00:00:05]} Qc7 {[%clk 01:30:06]} {[%emt 00:00:56]}
11. Nb3 {[%clk 01:31:10]} {[%emt 00:00:28]} b5 {[%clk 01:30:06]} {[%emt
00:00:30]} 12. axb6 {[%clk 01:31:34]} {[%emt 00:00:06]} Nxb6 {[%clk 01:30:30]}
{[%emt 00:00:06]} 13. Na5 {[%clk 01:31:59]} {[%emt 00:00:05]} Be6 {[%clk
01:30:44]} {[%emt 00:00:16]} 14. Be3 {[%clk 01:26:01]} {[%emt 00:06:28]} Nc4
{[%clk 01:28:36]} {[%emt 00:02:38]} 15. Nxc4 {[%clk 01:23:18]} {[%emt
00:03:13]} Bxc4 {[%clk 01:28:58]} {[%emt 00:00:08]} 16. Bxc4 {[%clk 01:21:54]}
{[%emt 00:01:54]} Qxc4 {[%clk 01:29:19]} {[%emt 00:00:09]} 17. Ra4 {[%clk
01:22:12]} {[%emt 00:00:12]} Qc6 {[%clk 01:27:48]} {[%emt 00:02:00]} 18. Qd3
{[%clk 01:12:01]} {[%emt 00:10:41]} Rfb8 {[%clk 01:16:11]} {[%emt 00:12:07]} 19.
b3 {[%clk 01:02:56]} {[%emt 00:09:34]} Rc8 {[%clk 01:10:48]} {[%emt 00:05:54]}
20. Bd4 {[%clk 00:56:28]} {[%emt 00:06:57]} e5 {[%clk 00:52:03]} {[%emt
00:19:14]} 21. Rc4 {[%clk 00:56:33]} {[%emt 00:00:26]} Qb7 {[%clk 00:52:26]}
{[%emt 00:00:07]} 22. Rxc8+ {[%clk 00:55:53]} {[%emt 00:01:10]} Rxc8 {[%clk
00:52:37]} {[%emt 00:00:19]} 23. Be3 {[%clk 00:56:21]} {[%emt 00:00:02]} h5
{[%clk 00:41:52]} {[%emt 00:11:15]} 24. Ra1 {[%clk 00:53:56]} {[%emt 00:02:56]}
Rc6 {[%clk 00:29:33]} {[%emt 00:12:49]} 25. Nd5 {[%clk 00:51:11]} {[%emt
00:03:15]} Nxd5 {[%clk 00:25:22]} {[%emt 00:04:41]} 26. Qxd5 {[%clk 00:50:22]}
{[%emt 00:01:18]} Kh7 {[%clk 00:25:22]} {[%emt 00:00:30]} 27. Qd2 {[%clk
00:44:11]} {[%emt 00:06:41]} Rc8 {[%clk 00:22:22]} {[%emt 00:03:31]} 28. Ra4
{[%clk 00:43:45]} {[%emt 00:00:56]} Qc6 {[%clk 00:20:40]} {[%emt 00:02:11]} 29.
Rc4 {[%clk 00:43:59]} {[%emt 00:00:17]} Qb7 {[%clk 00:21:02]} {[%emt 00:00:07]}
30. Rxc8 {[%clk 00:33:40]} {[%emt 00:10:49]} Qxc8 {[%clk 00:21:20]} {[%emt
00:00:12]} 31. f3 {[%clk 00:33:57]} {[%emt 00:00:12]} f5 {[%clk 00:18:04]}
{[%emt 00:03:47]} 32. h3 {[%clk 00:26:32]} {[%emt 00:07:54]} fxe4 {[%clk
00:12:54]} {[%emt 00:05:42]} 33. fxe4 {[%clk 00:27:01]} Qc6 {[%clk 00:13:16]}
{[%emt 00:00:07]} 34. Qd3 {[%clk 00:27:28]} {[%emt 00:00:03]} a5 {[%clk
00:13:17]} {[%emt 00:00:29]} 35. Bg5 {[%clk 00:23:37]} {[%emt 00:04:21]} a4
{[%clk 00:11:00]} {[%emt 00:02:47]} 36. bxa4 {[%clk 00:23:57]} {[%emt
00:00:10]} Qxa4 {[%clk 00:11:25]} {[%emt 00:00:05]} 37. Kh2 {[%clk 00:23:55]}
{[%emt 00:00:32]} Bh6 {[%clk 00:08:13]} {[%emt 00:03:43]} 38. h4 {[%clk
00:20:55]} {[%emt 00:03:29]} Bxg5 {[%clk 00:08:07]} {[%emt 00:00:36]} 39. hxg5
{[%clk 00:21:24]} {[%emt 00:00:02]} Qd7 {[%clk 00:07:56]} {[%emt 00:00:41]} 40.
Qf3 {[%clk 00:18:59]} {[%emt 00:02:54]} Qe7 {[%clk 00:08:09]} {[%emt 00:00:17]}
41. Qe3 {[%clk 00:19:27]} {[%emt 00:00:02]} Qc7 {[%clk 00:06:54]} {[%emt
00:01:44]} 42. c3 {[%clk 00:19:28]} {[%emt 00:00:30]} Qf7 {[%clk 00:05:15]}
{[%emt 00:02:08]} 43. Kg1 {[%clk 00:19:23]} {[%emt 00:00:35]} Kg7 {[%clk
00:05:01]} {[%emt 00:00:44]} 44. Qf2 {[%clk 00:18:21]} {[%emt 00:01:31]} Qe7
{[%clk 00:05:12]} {[%emt 00:00:20]} 45. Qd2 {[%clk 00:18:49]} {[%emt 00:00:02]}
Qa7+ {[%clk 00:04:57]} {[%emt 00:00:46]} 46. Kf1 {[%clk 00:18:54]} {[%emt
00:00:23]} Qf7+ {[%clk 00:04:10]} {[%emt 00:01:18]} 47. Ke1 {[%clk 00:19:06]}
{[%emt 00:00:18]} Qc4 {[%clk 00:03:07]} {[%emt 00:01:34]} 48. Qe3 {[%clk
00:19:26]} {[%emt 00:00:08]} Qa2 {[%clk 00:03:02]} {[%emt 00:00:37]} 49. Qf3
{[%clk 00:18:56]} {[%emt 00:00:58]} Qe6 {[%clk 00:02:06]} {[%emt 00:01:28]} 50.
Kd2 {[%clk 00:19:07]} {[%emt 00:00:19]} Qa2+ {[%clk 00:01:53]} {[%emt
00:00:43]} 51. Kd3 {[%clk 00:19:34]} {[%emt 00:00:02]} Qa6+ {[%clk 00:01:29]}
{[%emt 00:00:55]} 52. Ke3 {[%clk 00:19:40]} {[%emt 00:00:21]} Qb6+ {[%clk
00:01:22]} {[%emt 00:00:39]} 53. Ke2 {[%clk 00:19:56]} {[%emt 00:00:13]} Qb2+
{[%clk 00:01:20]} {[%emt 00:00:33]} 54. Kd3 {[%clk 00:19:39]} {[%emt 00:00:43]}
Qb5+ {[%clk 00:01:37]} {[%emt 00:00:17]} 55. Kc2 {[%clk 00:19:57]} {[%emt
00:00:10]} Qa4+ {[%clk 00:01:46]} {[%emt 00:00:23]} 56. Kb2 {[%clk 00:20:20]}
{[%emt 00:00:07]} Qb5+ {[%clk 00:01:27]} {[%emt 00:00:49]} 57. Kc1 {[%clk
00:20:48]} {[%emt 00:00:02]} Qc4 {[%clk 00:01:21]} {[%emt 00:00:36]} 58. g3
{[%clk 00:14:54]} {[%emt 00:06:23]} Qe6 {[%clk 00:01:05]} {[%emt 00:00:47]} 59.
Kb2 {[%clk 00:14:51]} {[%emt 00:00:31]} Qe7 {[%clk 00:01:25]} {[%emt 00:00:11]}
60. Qe3 {[%clk 00:15:19]} {[%emt 00:00:02]} Qb7+ {[%clk 00:01:31]} {[%emt
00:00:25]} 61. Ka3 {[%clk 00:15:42]} {[%emt 00:00:07]} Qa6+ {[%clk 00:01:24]}
{[%emt 00:00:37]} 62. Kb4 {[%clk 00:16:10]} {[%emt 00:00:01]} Qb7+ {[%clk
00:01:46]} {[%emt 00:00:08]} 63. Ka5 {[%clk 00:15:27]} {[%emt 00:01:13]} Qc7+
{[%clk 00:02:06]} {[%emt 00:00:11]} 64. Kb5 {[%clk 00:15:22]} {[%emt 00:00:34]}
Qb7+ {[%clk 00:01:49]} {[%emt 00:00:48]} 65. Qb6 {[%clk 00:14:48]} {[%emt
00:01:03]} Qxe4 {[%clk 00:01:49]} {[%emt 00:00:31]} 66. Qxd6 {[%clk 00:14:13]}
{[%emt 00:01:05]} Qe3 {[%clk 00:01:48]} {[%emt 00:00:31]} 67. Qf6+ {[%clk
00:14:28]} {[%emt 00:00:14]} Kh7 {[%clk 00:02:15]} {[%emt 00:00:04]} 68. Qf7+
{[%clk 00:14:55]} {[%emt 00:00:02]} Kh8 {[%clk 00:02:41]} {[%emt 00:00:05]} 69.
Qf8+ {[%clk 00:15:24]} {[%emt 00:00:02]} Kh7 {[%clk 00:03:03]} {[%emt
00:00:08]} 70. Qh6+ {[%clk 00:15:43]} {[%emt 00:00:10]} Kg8 {[%clk 00:03:28]}
{[%emt 00:00:05]} 71. Qxg6+ {[%clk 00:16:10]} {[%emt 00:00:03]} Kf8 {[%clk
00:03:29]} {[%emt 00:00:29]} 72. Qf6+ {[%clk 00:15:02]} {[%emt 00:01:38]} Ke8
{[%clk 00:01:02]} {[%emt 00:02:57]} 73. g6 {[%clk 00:12:36]} {[%emt 00:02:55]}
Qxc3 {[%clk 00:00:35]} {[%emt 00:00:58]} 74. Qf7+ {[%clk 00:11:42]} {[%emt
00:01:24]} Kd8 {[%clk 00:01:04]} {[%emt 00:00:02]} 75. g7 {[%clk 00:09:46]}
{[%emt 00:02:25]} Qd3+ {[%clk 00:00:46]} {[%emt 00:00:48]} 76. Kc5 {[%clk
00:09:46]} {[%emt 00:00:30]} Qa3+ {[%clk 00:01:01]} {[%emt 00:00:16]} 77. Kb6
{[%clk 00:09:49]} {[%emt 00:00:24]} Qd6+ {[%clk 00:00:36]} {[%emt 00:00:58]} 78.
Kb7 {[%clk 00:10:10]} {[%emt 00:00:07]} Qb4+ {[%clk 00:00:40]} {[%emt
00:00:27]} 79. Kc6 {[%clk 00:09:07]} {[%emt 00:01:33]} Qa4+ {[%clk 00:00:57]}
{[%emt 00:00:14]} 80. Kd6 {[%clk 00:09:12]} {[%emt 00:00:24]} Qa6+ {[%clk
00:01:22]} {[%emt 00:00:05]} 81. Kxe5 {[%clk 00:09:28]} {[%emt 00:00:15]} Qe2+
{[%clk 00:01:41]} {[%emt 00:00:10]} 82. Kf6 {[%clk 00:08:52]} {[%emt 00:01:05]}
Qf3+ {[%clk 00:00:38]} {[%emt 00:01:34]} 83. Kg6 {[%clk 00:09:21]} {[%emt
00:00:01]} Qxg3+ {[%clk 00:00:34]} {[%emt 00:00:34]} 84. Kh7 {[%clk 00:09:49]}
{[%emt 00:00:01]} Qd3+ {[%clk 00:00:56]} {[%emt 00:00:09]} 85. Qg6 {[%clk
00:10:05]} {[%emt 00:00:14]} Qd7 {[%clk 00:01:14]} {[%emt 00:00:12]} 86. Kh6
{[%clk 00:10:30]} {[%emt 00:00:05]} Kc7 {[%clk 00:01:16]} {[%emt 00:00:29]} 87.
g8=Q {[%clk 00:10:50]} {[%emt 00:00:10]} Qd2+ {[%clk 00:01:40]} {[%emt
00:00:06]} 88. Kh7 {[%clk 00:11:16]} {[%emt 00:00:04]} 1-0

[ePGN "0.1;DGT LiveChess/2.2.5"]